| 000 | 00889nam a2200265 a 4500 | ||
|---|---|---|---|
| 003 | DO-SdBNP | ||
| 005 | 20250617110304.0 | ||
| 007 | ta | ||
| 008 | 220203e2015 dr a|||fr|||| 001 0dspa d | ||
| 020 | _a9789945084085 | ||
| 040 |
_aDO-SdBNP _bspa _cBNPHU |
||
| 082 | 4 |
_222 _bR173i 2015 |
|
| 245 | 1 | 0 |
_aInvestigación de mercados / _cPedro Sergio Ramírez Varela |
| 250 | _a2da. ed. | ||
| 260 |
_a[Santo Domingo] : _bRamírez Varela, Pedro Sergio, _c2015 |
||
| 300 |
_a104 p. : _bil. ; _c20 cm. |
||
| 500 | _aIncluye datos biográficos del autor en la contracubierta. | ||
| 505 | _aBibliografía: p. 103 | ||
| 590 | _aInventariado 2022 / MF | ||
| 650 | 0 |
_aInvestigación de mercado _zRepública Dominicana _949594 |
|
| 650 | 4 |
_922580 _aAnálisis de Mercadeo _zRepública Dominicana |
|
| 650 | 4 |
_950940 _aAnálisis de Datos _zRepública Dominicana |
|
| 910 | _aMFeliz | ||
| 942 |
_2ddc _cLBS1 |
||
| 999 |
_c51331 _d51331 |
||